[Event "9th Semana Santa Alicante"]
[Site "San Vicente ESP"]
[Date "2025.04.17"]
[Round "3.33"]
[White "Bhagat Kush"]
[Black "Sanchez, Sebastian Felipe"]
[Result "1/2-1/2"]
[WhiteTitle "FM"]
[BlackTitle "IM"]
[WhiteElo "2301"]
[BlackElo "2415"]
[WhiteFideId "46672940"]
[BlackFideId "4403304"]
[EventDate "2025.04.16"]

1. e4 e6 2. d4 d5 3. Nd2 Nf6 4. e5 Nfd7 5. Bd3 c5 6. c3 Nc6 7. Ne2 cxd4 8. cxd4
f6 9. exf6 Nxf6 10. O-O Bd6 11. Nf3 Qc7 12. Bg5 O-O 13. Bh4 Nh5 14. Qc2 h6 15.
Bh7+ Kh8 16. Bg6 Rxf3 17. gxf3 Bxh2+ 18. Kg2 Nf4+ 19. Nxf4 Qxf4 20. Bg3 Bxg3 21.
fxg3 Qxd4 22. Be8 e5 23. Bxc6 bxc6 24. Qxc6 Rb8 25. Rad1 Qe3 26. Qc1 Qb6 27. Rd2
Bb7 28. Qc3 d4 29. Qa3 Re8 30. Kh2 Qf6 31. Rdf2 Ba6 32. Qa4 Re6 33. Rd1 e4 34.
Rfd2 exf3 35. Qxd4 Qxd4 36. Rxd4 Re2+ 37. Kh3 Rxb2 38. R4d2 Rb6 39. g4 Be2 40.
Rc1 Rf6 41. Kg3 f2 42. Rxe2 f1=Q 43. Rxf1 Rxf1 44. Re7 a6 45. Ra7 Rf6 46. Kh4
Kh7 47. Kg3 Rc6 48. a4 Rc3+ 49. Kf2 Rc4 50. Rxa6 Rxg4 51. Kf3 h5 52. a5 Ra4 53.
Ra8 g5 54. a6 h4 55. a7 g4+ 56. Kf2 Ra2+ 57. Kg1 h3 58. Rb8 Rxa7 59. Rb4 Rg7 60.
Kh2 Kh6 61. Kg3 Kh5 62. Rb5+ Rg5 63. Rb8 Rg7 64. Rb5+ Rg5 65. Rb8 Rg6 66. Rb5+
Kh6 67. Rb8 Kg5 68. Rb5+ Kf6 69. Rb6+ Kf5 70. Rb5+ Ke4 71. Rb4+ Kd3 72. Rb1 Rh6
73. Rh1 Ke3 74. Re1+ Kd2 75. Rh1 Rg6 76. Ra1 Kd3 77. Ra3+ Kc4 78. Ra4+ Kb3 79.
Ra1 Kb2 80. Rh1 Kc2 81. Ra1 Rg8 82. Ra2+ Kc3 83. Ra1 Rg7 84. Rc1+ Kd2 85. Ra1
Rh7 86. Ra2+ Ke3 87. Ra3+ Ke4 88. Ra4+ Ke5 89. Ra5+ Kd4 90. Ra4+ Kd3 91. Ra3+
Kc4 92. Ra2 Kc3 93. Rh2 Rg7 94. Ra2 Rg5 95. Rh2 Kd3 96. Ra2 Ke4 97. Ra4+ Kf5 98.
Ra6 Rg8 99. Ra5+ Kf6 100. Ra6+ Kg5 101. Ra5+ Kh6 102. Ra6+ Kh5 103. Ra5+ Rg5
104. Ra8 Rb5 105. Rh8+ Kg5 106. Rg8+ Kh5 107. Rh8+ Kg5 1/2-1/2

[Event "9th Semana Santa Alicante"]
[Site "San Vicente ESP"]
[Date "2025.04.17"]
[Round "3.34"]
[White "Ankit Ray"]
[Black "Ladron De Guevara Pinto, Paolo"]
[Result "0-1"]
[WhiteTitle "FM"]
[BlackTitle "IM"]
[WhiteElo "2288"]
[BlackElo "2411"]
[WhiteFideId "25770624"]
[BlackFideId "2290847"]
[EventDate "2025.04.16"]

1. Nf3 d5 2. g3 Nf6 3. Bg2 c6 4. O-O Bg4 5. d4 e6 6. c4 Nbd7 7. Qb3 Qb6 8. Nc3
Be7 9. c5 Qa6 10. h3 Bh5 11. Bf4 b6 12. cxb6 axb6 13. g4 Bg6 14. Nh4 O-O 15.
Nxg6 hxg6 16. e4 dxe4 17. Nxe4 Nd5 18. Bh2 N7f6 19. Rfc1 Nxe4 20. Bxe4 Rac8 21.
Qd3 Qa7 22. Bxd5 cxd5 23. a3 Bg5 24. Rxc8 Rxc8 25. Kg2 Qa4 26. b3 Qa5 27. Bd6
Rc3 28. Qd1 Qb5 29. Bb4 Rc8 30. Qf1 Qxf1+ 31. Rxf1 Rc2 32. Rd1 Be3 33. Be1 Rc1
34. Rd3 Bf4 35. Bb4 g5 36. a4 f6 37. a5 bxa5 38. Bxa5 Kf7 39. Bb4 Ke8 40. Bc5
Kd7 41. b4 Kc6 42. Ra3 e5 43. Ra7 Rd1 44. dxe5 fxe5 45. Rxg7 d4 46. Kf3 Re1 47.
Rg6+ Kd5 48. Rd6+ Kc4 49. Rc6 e4+ 50. Kg2 Kd5 51. b5 d3 52. Bb4 Rb1 53. Bc3 d2
54. Bxd2 Bxd2 55. Rc8 Bf4 56. Rf8 Rb2 57. Kf1 Rxb5 58. h4 Kd4 59. hxg5 Bxg5 60.
Kg2 Be7 61. Rf7 Bd6 62. Kh3 Rb3+ 63. Kg2 Rb8 64. Rf6 Be5 65. Ra6 Bc7 66. Ra4+
Ke5 67. Ra7 Bd6 68. Kg3 Rb3+ 69. Kh4 Rf3 70. Ra5+ Ke6 71. Ra2 Bc5 72. g5 Rxf2 0-1

[Event "9th Semana Santa Alicante"]
[Site "San Vicente ESP"]
[Date "2025.04.17"]
[Round "3.35"]
[White "Elsness, Frode"]
[Black "Sabria Batlle, Pol"]
[Result "1-0"]
[WhiteTitle "IM"]
[BlackTitle "FM"]
[WhiteElo "2408"]
[BlackElo "2288"]
[WhiteFideId "1501100"]
[BlackFideId "22202250"]
[EventDate "2025.04.16"]

1. d4 d5 2. c4 e6 3. Nf3 Nf6 4. g3 Nc6 5. Bg2 Bd6 6. O-O O-O 7. Nc3 dxc4 8. e4
e5 9. d5 Na5 10. Nd2 Bd7 11. h3 b5 12. f4 b4 13. Ne2 Bb5 14. fxe5 Bxe5 15. Nf3
Nd7 16. Ned4 a6 17. a4 bxa3 18. Rxa3 c5 19. dxc6 Bxc6 20. Rxa5 Qxa5 21. Nxc6
Qb6+ 22. Nfd4 Bxd4+ 23. Nxd4 Ne5 24. Be3 Qxb2 25. Nf5 Qb3 26. Qd5 Rae8 27. Bc5
Qd3 28. Ne7+ Rxe7 29. Bxe7 1-0

[Event "9th Semana Santa Alicante"]
[Site "San Vicente ESP"]
[Date "2025.04.17"]
[Round "3.36"]
[White "Sgircea, Silvia-Raluca"]
[Black "Ilinca, Felix-Antonio"]
[Result "0-1"]
[WhiteTitle "WIM"]
[BlackTitle "IM"]
[WhiteElo "2198"]
[BlackElo "2397"]
[WhiteFideId "1213776"]
[BlackFideId "54764998"]
[EventDate "2025.04.16"]

1. Nf3 c5 2. c4 Nc6 3. Nc3 g6 4. g3 Bg7 5. Bg2 d6 6. d3 Nh6 7. O-O Nf5 8. Rb1
O-O 9. Bd2 e6 10. Ne4 b6 11. Bc3 f6 12. Ned2 d5 13. e3 Nfe7 14. d4 Rb8 15. b3
Kh8 16. Re1 e5 17. dxe5 fxe5 18. Ba1 d4 19. exd4 exd4 20. Qe2 Bf5 21. Rbc1 Qd7
22. Nh4 Bg4 23. Bf3 Bh3 24. Bg2 Bxg2 25. Nxg2 Nf5 26. Qe6 Qb7 27. Rcd1 Nb4 28.
Qe4 Qxe4 29. Rxe4 Nxa2 30. g4 Nh6 31. Rde1 Nc3 32. Re7 Nxg4 33. f3 Bh6 34. fxg4
Bxd2 35. R1e6 a5 36. h4 Kg8 37. h5 gxh5 38. gxh5 Rf7 39. Rxf7 Kxf7 40. Rc6 Bg5
41. Ne1 Re8 42. Nf3 Be3+ 43. Kf1 Re6 44. Rc7+ Kg8 45. Kg2 Bf4 0-1

[Event "9th Semana Santa Alicante"]
[Site "San Vicente ESP"]
[Date "2025.04.17"]
[Round "3.37"]
[White "Doraszelski, Alexander"]
[Black "Dudognon, Thibault"]
[Result "0-1"]
[BlackTitle "FM"]
[WhiteElo "2197"]
[BlackElo "2389"]
[WhiteFideId "12996149"]
[BlackFideId "20675569"]
[EventDate "2025.04.16"]

1. e4 c5 2. Nf3 d6 3. d4 cxd4 4. Nxd4 Nf6 5. Nc3 Nc6 6. Bg5 e6 7. Qd3 Qb6 8.
O-O-O Qxd4 9. Qxd4 Nxd4 10. Rxd4 a6 11. Na4 Nd7 12. c4 Be7 13. Be3 b6 14. f3 Rb8
15. Nc3 Bb7 16. Be2 Bc6 17. Rhd1 Rc8 18. Kb1 g5 19. R4d2 Rg8 20. a3 h5 21. Ka2
Rb8 22. b4 Ra8 23. Kb3 Rb8 24. b5 axb5 25. Nxb5 Bxb5 26. cxb5 Rc8 27. a4 Bf6 28.
Bc4 Nc5+ 29. Bxc5 dxc5 30. a5 bxa5 31. Ka4 Bd4 32. b6 Rb8 33. Kxa5 e5 34. Rc2
Ke7 35. Rb1 Ra8+ 36. Kb5 Rab8 37. Rb3 Rg6 38. Ka6 Ra8+ 39. Kb7 Rgg8 40. Bd5 Kd6 0-1

[Event "9th Semana Santa Alicante"]
[Site "San Vicente ESP"]
[Date "2025.04.17"]
[Round "3.38"]
[White "Suarez Uriel, Adrian"]
[Black "Teply Koutsky, David"]
[Result "1-0"]
[WhiteTitle "IM"]
[WhiteElo "2388"]
[BlackElo "2166"]
[WhiteFideId "22230874"]
[BlackFideId "24597171"]
[EventDate "2025.04.16"]

1. d4 e6 2. c4 f5 3. Nf3 Nf6 4. g3 Be7 5. Bg2 O-O 6. O-O Ne4 7. b3 Bf6 8. Bb2
Nc6 9. e3 d6 10. Nfd2 Nxd2 11. Qxd2 a5 12. Nc3 Ne7 13. e4 e5 14. dxe5 dxe5 15.
Qxd8 Rxd8 16. Rad1 Rxd1 17. Rxd1 Be6 18. Nb5 fxe4 19. Nxc7 Bg4 20. Nxa8 Bxd1 21.
Bxe4 Nc6 22. Nb6 Kf7 23. Bc3 Bd8 24. Na4 Nd4 25. Kg2 Bc7 26. Bxd4 exd4 27. f3
Be2 28. Kf2 b5 29. Nb2 d3 30. Bxd3 Bxd3 31. Nxd3 bxc4 32. bxc4 Bb6+ 33. c5 Bc7
34. Ke3 Ke6 35. Ke4 1-0

[Event "9th Semana Santa Alicante"]
[Site "San Vicente ESP"]
[Date "2025.04.17"]
[Round "3.39"]
[White "Bermejo Martinez, Jorge"]
[Black "Tanriverdi, Enes"]
[Result "0-1"]
[BlackTitle "IM"]
[WhiteElo "2194"]
[BlackElo "2388"]
[WhiteFideId "2255553"]
[BlackFideId "34543279"]
[EventDate "2025.04.16"]

1. Nf3 Nf6 2. c4 e6 3. g3 b6 4. Bg2 Bb7 5. O-O Be7 6. d4 O-O 7. Qc2 Na6 8. Nc3
c5 9. Rd1 cxd4 10. Nxd4 Bxg2 11. Kxg2 Qc8 12. b3 d5 13. cxd5 Nb4 14. Qd2 Nbxd5
15. Nxd5 Nxd5 16. Bb2 Qb7 17. Nf3 Rfd8 18. Rac1 h6 19. a3 Bg5 20. Qe1 Bxc1 21.
Rxc1 Rac8 22. Rc4 Rxc4 23. bxc4 Ne7 24. Qc3 f6 25. Qe3 e5 26. g4 Qc8 0-1

[Event "9th Semana Santa Alicante"]
[Site "San Vicente ESP"]
[Date "2025.04.17"]
[Round "3.40"]
[White "Tudela Gonzalez, Victor"]
[Black "Garza Marco, Sergio"]
[Result "0-1"]
[BlackTitle "IM"]
[WhiteElo "2188"]
[BlackElo "2386"]
[WhiteFideId "24528030"]
[BlackFideId "2210177"]
[EventDate "2025.04.16"]

1. d4 e6 2. c4 Bb4+ 3. Nc3 f5 4. g3 Nf6 5. Bg2 O-O 6. Nh3 Ne4 7. Qd3 c5 8. d5
Qf6 9. Bd2 Nxd2 10. Qxd2 Bxc3 11. bxc3 e5 12. d6 Kh8 13. O-O Nc6 14. Rad1 Na5
15. Qd5 e4 16. Qxc5 b6 17. Qb5 Qxc3 18. Rc1 Qd2 19. Rfd1 Qxe2 20. Nf4 Qg4 21. h3
Qg5 22. Bxe4 Ba6 23. Qxa6 fxe4 24. Rd5 Qf6 25. Qb5 Nc6 26. Rcd1 Rae8 27. Rh5 Ne5
28. h4 Nd3 29. Qg5 Nxf4 30. gxf4 Qxf4 31. Qxf4 Rxf4 32. c5 g6 33. Rhd5 bxc5 34.
Rxc5 Ref8 35. Rd2 Rg4+ 36. Kh2 Rxh4+ 37. Kg3 Rhf4 38. Rc7 Rf3+ 39. Kg2 Rd3 40.
Rxd3 exd3 41. Rc3 Rf6 42. Rxd3 a6 43. Kg3 Kg7 44. f4 Kf7 45. Rd5 Rf5 46. Rd4 Ke6
47. Ra4 a5 48. Kg2 0-1

[Event "9th Semana Santa Alicante"]
[Site "San Vicente ESP"]
[Date "2025.04.18"]
[Round "4.1"]
[White "Gloeckler, Christian"]
[Black "Murzin, Volodar"]
[Result "0-1"]
[WhiteTitle "FM"]
[BlackTitle "GM"]
[WhiteElo "2423"]
[BlackElo "2658"]
[WhiteFideId "34608966"]
[BlackFideId "44155573"]
[EventDate "2025.04.16"]

1. e4 c5 2. Nf3 e6 3. d4 cxd4 4. Nxd4 Nc6 5. Nc3 a6 6. Be2 d6 7. Nxc6 bxc6 8.
O-O Nf6 9. Qd3 Be7 10. Be3 O-O 11. Na4 Rb8 12. b3 Qc7 13. f4 Rd8 14. Bf3 c5 15.
c4 Bb7 16. Nc3 Re8 17. Rad1 Rbd8 18. Bc1 Nd7 19. Qc2 Nb8 20. Qf2 Bf6 21. Ne2 Nc6
22. Be3 e5 23. f5 Nd4 24. Nc3 Qe7 25. Qd2 Kh8 26. Kh1 Rf8 27. Be2 g6 28. Nd5
Bxd5 29. cxd5 gxf5 30. Bxd4 exd4 31. Rxf5 Be5 32. Rdf1 Ra8 33. R1f3 f6 34. Rh3
Rf7 35. Rfh5 Rg7 36. Qd3 Qd7 37. R3h4 Ra7 38. Qd1 a5 39. Bg4 Qe8 40. a4 Qb8 41.
g3 Rab7 42. Kg2 Rxb3 43. Rxh7+ Rxh7 44. Rxh7+ Kxh7 45. Bf5+ Kh6 46. Bd7 Rb2+ 47.
Kh3 Qb3 48. Qg4 Qc2 0-1

[Event "9th Semana Santa Alicante"]
[Site "San Vicente ESP"]
[Date "2025.04.18"]
[Round "4.2"]
[White "Ivanchuk, Vasyl"]
[Black "Oro, Faustino"]
[Result "1/2-1/2"]
[WhiteTitle "GM"]
[BlackTitle "IM"]
[WhiteElo "2604"]
[BlackElo "2423"]
[WhiteFideId "14100010"]
[BlackFideId "20000197"]
[EventDate "2025.04.16"]

1. e4 c6 2. d4 d5 3. exd5 cxd5 4. c4 Nf6 5. Nc3 Nc6 6. Nf3 a6 7. Be2 dxc4 8. d5
Na5 9. O-O e6 10. dxe6 Bxe6 11. Nd4 Bd7 12. Qc2 Bc5 13. Nf5 O-O 14. Bg5 Qb6 15.
Rad1 Rad8 16. Bf3 Bxf5 17. Qxf5 Rxd1 18. Rxd1 Bxf2+ 19. Kh1 Qc5 20. Qf4 Qb6 21.
Qf5 Qc5 22. Qf4 Qb6 23. Rd6 Re8 24. h4 Qe3 25. Qxe3 1/2-1/2

[Event "9th Semana Santa Alicante"]
[Site "San Vicente ESP"]
[Date "2025.04.18"]
[Round "4.3"]
[White "Movsziszian, Karen"]
[Black "Kozak, Adam"]
[Result "1/2-1/2"]
[WhiteTitle "GM"]
[BlackTitle "GM"]
[WhiteElo "2417"]
[BlackElo "2598"]
[WhiteFideId "13301152"]
[BlackFideId "753246"]
[EventDate "2025.04.16"]

1. g3 d5 2. Nf3 Nf6 3. Bg2 e6 4. O-O c5 5. d4 cxd4 6. Nxd4 e5 7. Nb3 Be6 8. c4
Nc6 9. cxd5 Nxd5 10. Nc3 Nxc3 11. bxc3 Qxd1 12. Rxd1 Rc8 13. Be3 b6 14. Bd5 Bxd5
15. Rxd5 f6 16. a4 Ne7 17. Rb5 Nf5 18. a5 Nd6 19. Rd5 Rxc3 20. axb6 axb6 21. Nd2
Rc6 22. Rb1 Nc8 23. Rdb5 Be7 24. Bxb6 Kf7 25. e3 h5 26. h3 Nd6 27. Rc5 Rhc8 28.
Rbc1 Rxc5 29. Rxc5 Ra8 30. Rc2 Ra6 31. Bc5 Rc6 32. Rc1 Nb5 33. Ba3 Nc3 34. Ra1
Ra6 35. Bb2 Rxa1+ 36. Bxa1 Na4 37. Kf1 Ke6 38. Ke2 Kd5 39. e4+ Ke6 40. f4 exf4
41. gxf4 g6 42. Bd4 Nc5 43. Bxc5 Bxc5 44. Kf3 Bd4 45. Nc4 Bc5 46. Nb2 Bd6 47.
Nc4 1/2-1/2

[Event "9th Semana Santa Alicante"]
[Site "San Vicente ESP"]
[Date "2025.04.18"]
[Round "4.4"]
[White "Vetokhin, Savva"]
[Black "Elsness, Frode"]
[Result "1/2-1/2"]
[WhiteTitle "GM"]
[BlackTitle "IM"]
[WhiteElo "2549"]
[BlackElo "2408"]
[WhiteFideId "44144474"]
[BlackFideId "1501100"]
[EventDate "2025.04.16"]

1. d4 Nf6 2. c4 e6 3. Nc3 Bb4 4. e3 O-O 5. Bd3 c5 6. Nf3 Nc6 7. dxc5 Bxc5 8. O-O
Qe7 9. h3 Rd8 10. b3 d5 11. cxd5 exd5 12. Bb2 Ne4 13. Ne2 Bf5 14. Ned4 Nxd4 15.
Nxd4 Bg6 16. Qg4 h5 17. Qe2 Rac8 18. Rac1 Bd6 19. Rc2 a6 20. Rfc1 Qd7 21. Qd1
Qe8 22. Ne2 Rxc2 23. Qxc2 Bf5 24. Bd4 Rc8 25. Qb2 Rxc1+ 26. Qxc1 Qc8 27. Qxc8+
Bxc8 28. Nf4 Bxf4 29. exf4 Bf5 30. Be2 g6 31. Kh2 Nd6 32. Be5 Ne8 33. Bf3 Be4
34. Bd1 f6 35. Bb2 Kf7 36. f3 Bd3 37. g4 f5 38. Kg3 Nc7 39. Kh4 Ne6 40. gxh5
gxh5 41. Be5 Bb1 42. Kxh5 d4 43. b4 d3 44. Bb3 Bc2 45. Bxe6+ Kxe6 46. Bc3 Ba4
47. Kg5 Bd7 48. Kg6 Be8+ 49. Kg7 Bh5 50. h4 Be8 51. Be1 Ke7 52. Bc3 Ke6 53. Kh6
Kf7 54. h5 Kg8 55. Kg5 Kh7 56. Kxf5 Bxh5 57. Ke4 Kg8 58. f5 Kf7 59. Kxd3 Bxf3
60. Kd4 Bg4 61. Ke5 Bh3 62. a4 Bg4 63. f6 Bd1 64. Ke4 1/2-1/2

[Event "9th Semana Santa Alicante"]
[Site "San Vicente ESP"]
[Date "2025.04.18"]
[Round "4.5"]
[White "Ladron De Guevara Pinto, Paolo"]
[Black "Fernandez Guillen, Ernesto J."]
[Result "1/2-1/2"]
[WhiteTitle "IM"]
[BlackTitle "IM"]
[WhiteElo "2411"]
[BlackElo "2474"]
[WhiteFideId "2290847"]
[BlackFideId "3512428"]
[EventDate "2025.04.16"]

1. e4 c5 2. Nf3 g6 3. d4 cxd4 4. Nxd4 Bg7 5. c4 Nc6 6. Be3 Nf6 7. Nc3 Ng4 8.
Qxg4 Nxd4 9. Qd1 Nc6 10. Rc1 O-O 11. Be2 d6 12. O-O Be6 13. f4 Rc8 14. Qd2 f5 1/2-1/2

[Event "9th Semana Santa Alicante"]
[Site "San Vicente ESP"]
[Date "2025.04.18"]
[Round "4.6"]
[White "Camacho Collados, Marcos"]
[Black "Suarez Uriel, Adrian"]
[Result "0-1"]
[WhiteTitle "IM"]
[BlackTitle "IM"]
[WhiteElo "2468"]
[BlackElo "2388"]
[WhiteFideId "2266237"]
[BlackFideId "22230874"]
[EventDate "2025.04.16"]

1. e4 c5 2. Nf3 g6 3. Bc4 Bg7 4. O-O Nc6 5. Re1 e6 6. d3 Nge7 7. e5 f6 8. exf6
Bxf6 9. Nc3 d5 10. Bb5 O-O 11. Bh6 Nd4 12. Bxf8 Qxf8 13. Ba4 a6 14. Bb3 b5 15.
a3 Qg7 16. Nd2 Bd7 17. Qc1 Bg5 18. Qd1 Rf8 19. Ne2 Nec6 20. Nxd4 Nxd4 21. Ba2
Qf6 22. Rf1 Qe5 23. c3 Ne2+ 24. Kh1 Bd8 25. g3 Bc6 26. f3 Nxg3+ 27. hxg3 Qxg3
28. Qe2 Rf5 29. Rf2 Re5 30. Ne4 dxe4 31. fxe4 c4 32. Rg1 Qh3+ 33. Rh2 cxd3 34.
Qg2 Qe3 35. Rh3 Bxe4 36. Rxe3 Rh5+ 0-1

[Event "9th Semana Santa Alicante"]
[Site "San Vicente ESP"]
[Date "2025.04.18"]
[Round "4.7"]
[White "Ilinca, Felix-Antonio"]
[Black "Brodowski, Piotr"]
[Result "1-0"]
[WhiteTitle "IM"]
[BlackTitle "IM"]
[WhiteElo "2397"]
[BlackElo "2461"]
[WhiteFideId "54764998"]
[BlackFideId "1124480"]
[EventDate "2025.04.16"]

1. d4 Nf6 2. c4 e6 3. Nc3 Bb4 4. e3 d5 5. a3 Bxc3+ 6. bxc3 c6 7. a4 O-O 8. Ba3
Re8 9. Nf3 Qc7 10. Be2 Nbd7 11. O-O a6 12. Qb3 dxc4 13. Bxc4 b5 14. Be2 Nb6 15.
c4 Nxa4 16. Rfc1 Qa7 17. Ne5 Bd7 18. Bf3 Rac8 19. Bd6 Nb6 20. Qa3 Nxc4 21. Nxc4
bxc4 22. Rxc4 Ra8 23. Qa5 Nd5 24. Rb1 Rac8 25. h4 f6 26. h5 Red8 27. e4 Be8 28.
Bc5 Qc7 29. Qe1 Nf4 30. Bb6 Qe7 31. Bxd8 Rxd8 32. Qa5 e5 33. Rb7 Qd6 34. d5 f5
35. dxc6 fxe4 36. Qxd8 Qxd8 37. c7 Qc8 38. Rb8 Bd7 39. Bxe4 Kf7 40. Bb7 1-0

[Event "9th Semana Santa Alicante"]
[Site "San Vicente ESP"]
[Date "2025.04.18"]
[Round "4.8"]
[White "Zanan, Evgeny"]
[Black "Nurgaliyev, Sauat"]
[Result "1-0"]
[WhiteTitle "GM"]
[BlackTitle "IM"]
[WhiteElo "2454"]
[BlackElo "2386"]
[WhiteFideId "24101940"]
[BlackFideId "13726285"]
[EventDate "2025.04.16"]

1. e4 c5 2. Nf3 d6 3. d4 cxd4 4. Nxd4 Nf6 5. Nc3 a6 6. Be2 e5 7. Nb3 Be7 8. O-O
O-O 9. Qd3 Be6 10. Rd1 Nbd7 11. Nd5 Bxd5 12. exd5 Rc8 13. Bd2 g6 14. Ba5 Qe8 15.
c4 b6 16. Bd2 Qd8 17. f4 a5 18. a4 exf4 19. Nd4 Ne5 20. Qb3 Nfd7 21. Bxf4 Bg5
22. Bg3 Re8 23. Kh1 Bh4 24. Bf4 Bg5 25. Bg3 Nc5 26. Qc2 Be3 27. Nb5 f5 28. Bf3
f4 29. Be1 Qe7 30. b3 Rcd8 31. Bc3 Qh4 32. Nc7 Ng4 33. Bxg4 Ne4 34. Be1 Bf2 35.
Bh3 Re5 36. Rd4 Rg5 37. Rxe4 Qxh3 38. Qxf2 1-0

[Event "9th Semana Santa Alicante"]
[Site "San Vicente ESP"]
[Date "2025.04.18"]
[Round "4.9"]
[White "Stearman, Josiah"]
[Black "Lianes Garcia, Marcos"]
[Result "1/2-1/2"]
[WhiteTitle "IM"]
[BlackTitle "IM"]
[WhiteElo "2441"]
[BlackElo "2383"]
[WhiteFideId "2062496"]
[BlackFideId "32060777"]
[EventDate "2025.04.16"]

1. e4 a6 2. d4 g6 3. Nc3 Bg7 4. Be3 d6 5. Qd2 b5 6. a4 b4 7. Nd1 a5 8. f4 Nf6 9.
Nf2 O-O 10. Bd3 c5 11. dxc5 Nfd7 12. O-O-O Nxc5 13. Bxc5 dxc5 14. e5 Qb6 15. b3
Rd8 16. Qe3 Nc6 17. Nf3 Nd4 18. h4 Bb7 19. h5 Nf5 20. Bxf5 gxf5 21. h6 Bxh6 22.
Rdg1 Ra6 23. Rxh6 Qxh6 24. g4 Bxf3 25. gxf5+ Kh8 26. Qxf3 Rg8 27. Ng4 Qc6 28.
Qe2 c4 29. e6 Qc5 30. Rg2 Qxf5 31. exf7 Qxf4+ 32. Kb1 Rf8 33. Qxc4 Qg5 34. Rf2
Rd6 35. Qe4 Rd1+ 36. Ka2 Qg7 37. Qe5 Rg1 38. Qxg7+ Kxg7 39. Ne5 Rg5 40. Re2 h5
41. Kb2 Rxf7 42. Nxf7 Kxf7 43. c3 bxc3+ 44. Kxc3 h4 45. b4 Rg3+ 46. Kb2 axb4 47.
Re4 h3 48. Rxb4 Ke6 49. a5 Rg5 50. Rb6+ Kd7 51. Rb7+ Kd6 52. Rb6+ Kd7 53. Rb7+
Kd6 54. Rb6+ Kc7 55. Rh6 Rxa5 56. Rxh3 Rc5 57. Rd3 Kc6 58. Kb3 e6 59. Kb4 Rd5
60. Re3 e5 61. Kc4 Rd4+ 62. Kc3 Rd5 63. Kc4 Ra5 64. Kd3 Kd5 65. Ke2 Ra2+ 66. Ke1
Kd4 67. Rh3 e4 68. Rb3 Rg2 69. Ra3 Ke5 70. Rb3 1/2-1/2

[Event "9th Semana Santa Alicante"]
[Site "San Vicente ESP"]
[Date "2025.04.18"]
[Round "4.10"]
[White "Dudognon, Thibault"]
[Black "Chasin, Nico"]
[Result "1/2-1/2"]
[WhiteTitle "FM"]
[BlackTitle "IM"]
[WhiteElo "2389"]
[BlackElo "2435"]
[WhiteFideId "20675569"]
[BlackFideId "30908477"]
[EventDate "2025.04.16"]

1. e4 c5 2. Nf3 Nc6 3. d4 cxd4 4. Nxd4 e6 5. Nc3 Qc7 6. Be3 a6 7. a3 b5 8. Nxc6
Qxc6 9. h4 Bb7 10. h5 Nf6 11. e5 Ne4 12. Nxe4 Qxe4 13. Qd4 Rc8 14. Qxe4 Bxe4 15.
c3 Bc5 16. Rh3 f6 17. h6 fxe5 18. hxg7 Rg8 19. Bh6 Bf5 20. Rg3 e4 21. a4 Bd6 22.
Re3 Kf7 23. g4 Bxg4 24. Rxe4 Bf5 25. Rd4 Be5 26. Rxd7+ Kg6 27. Bd2 h5 28. axb5
axb5 29. Ra5 1/2-1/2

[Event "9th Semana Santa Alicante"]
[Site "San Vicente ESP"]
[Date "2025.04.18"]
[Round "4.11"]
[White "Prraneeth, Vuppala"]
[Black "Alshameary Puente, Ismael"]
[Result "1-0"]
[WhiteTitle "GM"]
[BlackTitle "IM"]
[WhiteElo "2433"]
[BlackElo "2363"]
[WhiteFideId "46622373"]
[BlackFideId "2225166"]
[EventDate "2025.04.16"]

1. e4 c5 2. Nf3 e6 3. d4 cxd4 4. Nxd4 a6 5. a3 Nf6 6. Nc3 d6 7. Bd3 Be7 8. O-O
O-O 9. Be3 Qc7 10. f4 Nc6 11. Nxc6 bxc6 12. Kh1 e5 13. fxe5 Ng4 14. Bd4 Nxe5 15.
Bxe5 dxe5 16. Bc4 g6 17. Qe2 a5 18. Rxf7 Rxf7 19. Rf1 Kh8 20. Rxf7 Qd6 21. Qf2
Bd7 22. h3 Rb8 23. Bb3 Be8 24. Rf3 Qc5 25. Qd2 Kg7 26. Na4 Qa7 27. Qc3 Bd6 28.
Rd3 Rd8 29. Nc5 Bf7 30. Ne6+ Bxe6 31. Rxd6 Rxd6 32. Qxe5+ Kf7 33. Qxd6 Bxb3 34.
cxb3 Qb6 35. e5 Qe3 36. Qf6+ 1-0

[Event "9th Semana Santa Alicante"]
[Site "San Vicente ESP"]
[Date "2025.04.18"]
[Round "4.12"]
[White "Tanriverdi, Enes"]
[Black "Cieslak, Patryk"]
[Result "1/2-1/2"]
[WhiteTitle "IM"]
[BlackTitle "FM"]
[WhiteElo "2388"]
[BlackElo "2432"]
[WhiteFideId "34543279"]
[BlackFideId "21078882"]
[EventDate "2025.04.16"]

1. e4 e5 2. Nf3 Nc6 3. Bc4 Nf6 4. d3 a6 5. a4 h6 6. Nc3 Bc5 7. Be3 d6 8. h3 Bxe3
9. fxe3 Be6 10. Nd2 O-O 11. O-O a5 12. Kh1 Nb4 13. Bb3 Qe7 14. Qe2 Bxb3 15. Nxb3
c6 16. Rf2 Ne8 17. Raf1 Nc7 18. Qd1 d5 19. Nd2 Ne6 20. exd5 Nxd5 21. Nxd5 cxd5
22. e4 dxe4 23. Nxe4 Nc5 24. Nf6+ Kh8 25. Nd5 Qd6 26. Ne3 Qd7 27. b3 f6 28. Qh5
Ne6 29. Qg4 Qd4 30. Qg3 Qd7 31. Qg4 Qd4 32. Qg3 Qd7 33. Nc4 Qe7 34. Qh4 Qe8 35.
Qg4 Nd4 36. Qe4 Qe7 37. Qe1 Nc6 38. Qe3 Rad8 39. Qe1 1/2-1/2

[Event "9th Semana Santa Alicante"]
[Site "San Vicente ESP"]
[Date "2025.04.18"]
[Round "4.13"]
[White "Garza Marco, Sergio"]
[Black "Krstulovic, Alex"]
[Result "1/2-1/2"]
[WhiteTitle "IM"]
[BlackTitle "IM"]
[WhiteElo "2386"]
[BlackElo "2429"]
[WhiteFideId "2210177"]
[BlackFideId "760056"]
[EventDate "2025.04.16"]

1. e4 c6 2. d4 d5 3. exd5 cxd5 4. Bd3 Nc6 5. c3 Nf6 6. Bf4 Bg4 7. Qb3 e5 8. h3
Na5 9. Qc2 exf4 10. hxg4 Nxg4 11. Ne2 Bd6 12. Bb5+ Nc6 13. Rxh7 Ke7 14. Nd2 Rxh7
15. Qxh7 Qh8 16. Qxh8 Rxh8 17. Ng1 g5 18. Ndf3 f6 19. Ke2 Kf7 20. Bxc6 bxc6 21.
Rf1 Rb8 22. b3 Kg6 23. Kd3 a5 24. Nd2 Nh6 25. Ngf3 g4 26. Ne1 Re8 27. Nc2 Nf5
28. a4 Nh4 29. Rg1 Rb8 30. c4 Kg5 31. c5 1/2-1/2